000 01214cam a22003257a 4500
003 CHAP
005 20220329141915.0
008 980520s1991 mx a rc o00010 spa d
010 _a75556
011 _a76528
035 _a86113
040 _cCHAP
082 0 4 _a639.3
_bS43
110 1 _aServicio Nacional de Información de Mercados. México
_9105309
245 1 0 _aCatálogo comercial de especies :
_bsistema informativo de mercados de pescado y mariscos
_c/por Servicio Nacional de Información de Mercados
260 _aMéxico, D. F. :
_bServicio Nacional de Información de Mercados,
_c199 -19
300 _av. :
_bilus. ; cuadros
500 _aLa biblioteca tiene : 1991
590 _aBATCH-UPD
_b10
_c20130110
_lUCH01
_h0424
590 _aBATCH-UPD
_b10
_c20130410
_lUCH01
_h0059
590 _aBATCH-UPD
_b10
_c20130410
_lUCH01
_h1638
590 _aBATCH-UPD
_b10
_c20130914
_lUCH01
_h1905
590 _aCONVERSION
_b10
_c20130109
_lUCH01
_h1341
650 1 4 _aPeces
_xCatálogos y colecciones.
_986444
650 1 4 _aPescado
_xMercadeo
_xMéxico.
_987454
901 _aBK
905 _aLilia Sánchez G.
942 _cLIBRO
949 _a639.3 S43
_bBC
_cC
_d33724000595484
_eC
_f1991
_gI. c/e
_h92658
_i86113
_sb
_t$80.00
999 _c75556
_d75556